Environment and man. (Record no. 16299)

000 -LEADER
fixed length control field 00276cas a2200121 4500
022 ## - INTERNATIONAL STANDARD SERIAL NUMBER
ISSN 0147-9377
040 ## - CATALOGING SOURCE
Transcribing agency DNAL
082 ## - DEWEY DECIMAL CLASSIFICATION NUMBER
Classification number 301 ACA 1976 A089 Or.
245 00 - TITLE STATEMENT
Title Environment and man.
260 ## - PUBLICATION, DISTRIBUTION, ETC. (IMPRINT)
Place of publication New York,
Name of publisher Academic Press.
Year of publication [1976-
300 ## - PHYSICAL DESCRIPTION
Other physical details ill.
Dimensions 23 cm.
942 ## - ADDED ENTRY ELEMENTS (KOHA)
Koha item type សៀវភៅភាសាអង់គ្លេស
952 ## - LOCATION AND ITEM INFORMATION (KOHA)
Withdrawn status [LOCAL, KOHA] 0
Holdings
Permanent Location Date acquired Koha item type Lost status Shelving location Barcode Current Location Full call number
Library Block A2018-02-02សៀវភៅភាសាអង់គ្លេស A089A25862Library Block A301 ACA 1976 A089 Or.
មជ្ឈមណ្ឌលឯការនៃសាកលវិទ្យាល័យភូមិន្ទកសិកម្មចំការដូង

Powered by Koha